[Event "Helmut-Kohls-Turnier 2017"]
[Site "Dortmund GER"]
[Date "2017.07.20"]
[Round "6.1"]
[White "Stemmler, Fabian"]
[Black "Kokje, Joris"]
[Result "1/2-1/2"]
[WhiteElo "1972"]
[BlackElo "2112"]
[WhiteFideId "12964808"]
[BlackFideId "1051024"]
[EventDate "2017.07.15"]

1. d4 Nf6 2. Bg5 d5 3. e3 c5 4. Bxf6 gxf6 5. dxc5 e6 6. c4 dxc4 7. Nd2 c3 8.
bxc3 Nd7 9. c6 bxc6 10. Qc2 Bg7 11. Ngf3 O-O 12. Be2 f5 13. e4 fxe4 14. Nxe4 Nf6
15. O-O Nxe4 16. Qxe4 Qd5 17. Qh4 Qd8 18. Qh5 Qd5 19. Qh4 Qd8 20. Qe4 Qd5 21.
Qh4 1/2-1/2

[Event "Helmut-Kohls-Turnier 2017"]
[Site "Dortmund GER"]
[Date "2017.07.20"]
[Round "6.2"]
[White "Kueppers, Timo"]
[Black "Kistrup, Nicolai"]
[Result "1-0"]
[WhiteElo "2033"]
[BlackElo "2177"]
[WhiteFideId "16205820"]
[BlackFideId "1444816"]
[EventDate "2017.07.15"]

1. e4 e5 2. Nf3 Nc6 3. Bb5 a6 4. Ba4 Nf6 5. O-O Be7 6. Re1 b5 7. Bb3 d6 8. c3
O-O 9. h3 Bb7 10. d4 Nd7 11. Nbd2 exd4 12. cxd4 Bf6 13. Nf1 Re8 14. Ng3 g6 15.
Bf4 Nf8 16. Qd2 Re7 17. Rac1 Qe8 18. a3 Rc8 19. Ba2 Nb8 20. d5 Nbd7 21. b4 Nb6
22. Nd4 Nfd7 23. Bg5 Bxg5 24. Qxg5 Re5 25. Qd2 Nf6 26. f3 Qf8 27. Rc3 Re7 28.
Rec1 Kh8 29. R1c2 Ne8 30. Nge2 Qg7 31. Bb3 Kg8 32. Ra2 Nf6 33. Nc6 Bxc6 34. Rxc6
Nfd7 35. Qc2 Qf8 36. Rxc7 Rxc7 37. Qxc7 Re8 38. Qc3 f5 39. Ng3 fxe4 40. Nxe4 Qf4
41. Qd2 Qf8 42. Rc2 Ne5 43. Rc7 Re7 44. Rxe7 Qxe7 45. Qg5 Qxg5 46. Nxg5 Nbc4 47.
Bxc4 Nxc4 48. Ne6 Nxa3 49. Nc7 Nc2 50. Nxa6 Ne3 51. Nc7 Nc2 52. Kf2 Kf7 53. Ke2
Nxb4 54. Ke3 Nc2+ 55. Kd2 Nd4 56. Kd3 Nf5 57. Nxb5 Kf6 58. g4 Ng3 59. Nxd6 Ke5
60. Ne4 Nf5 61. gxf5 gxf5 62. Nc3 1-0

[Event "Helmut-Kohls-Turnier 2017"]
[Site "Dortmund GER"]
[Date "2017.07.20"]
[Round "6.3"]
[White "Nguyen, Kevin"]
[Black "Borchert, Rene"]
[Result "1-0"]
[WhiteElo "2194"]
[BlackElo "2202"]
[WhiteFideId "1046349"]
[BlackFideId "12990671"]
[EventDate "2017.07.15"]

1. e4 e5 2. Bc4 Nc6 3. Nc3 Nf6 4. d3 h6 5. f4 Bc5 6. Nf3 d6 7. Na4 Bb6 8. Nxb6
axb6 9. Bb5 O-O 10. Bxc6 bxc6 11. fxe5 dxe5 12. Nxe5 Nxe4 13. dxe4 Qh4+ 14. Kf1
Qxe4 15. Nd3 Bg4 16. Qe1 Qc4 17. Qc3 Qe4 18. h3 Be2+ 19. Kg1 Rad8 20. Kh2 Bxd3
21. cxd3 Rxd3 22. Re1 Qg6 23. Qe5 Rfd8 24. Bf4 R8d7 25. Qe8+ Kh7 26. Qe4 f5 27.
Qe8 Qf6 28. Re6 Rxh3+ 29. Kxh3 1-0

[Event "Helmut-Kohls-Turnier 2017"]
[Site "Dortmund GER"]
[Date "2017.07.20"]
[Round "6.4"]
[White "Korten, Lando"]
[Black "Salem Elier, Ali"]
[Result "1-0"]
[WhiteElo "2146"]
[BlackElo "1965"]
[WhiteFideId "12989606"]
[BlackFideId "16217543"]
[EventDate "2017.07.15"]

1. Nf3 Nf6 2. g3 d5 3. Bg2 c5 4. O-O Nc6 5. d3 e6 6. Nbd2 b6 7. e4 Be7 8. Re1
O-O 9. c3 Bb7 10. e5 Nd7 11. Nf1 Qc7 12. Bf4 d4 13. c4 Rfd8 14. h4 Nf8 15. h5
Rd7 16. N1h2 Rad8 17. Ng4 Qc8 18. Ng5 Bxg5 19. Bxg5 Re8 20. h6 gxh6 21. Bxh6 1-0

[Event "Helmut-Kohls-Turnier 2017"]
[Site "Dortmund GER"]
[Date "2017.07.20"]
[Round "6.5"]
[White "Niermann, Tristan"]
[Black "Kruse, Janik"]
[Result "1-0"]
[WhiteElo "2315"]
[BlackElo "2071"]
[WhiteFideId "12990698"]
[BlackFideId "16200250"]
[EventDate "2017.07.15"]

1. d4 Nf6 2. c4 g6 3. Nf3 Bg7 4. g3 c6 5. Bg2 d5 6. cxd5 cxd5 7. O-O O-O 8. Ne5
Nc6 9. Nxc6 bxc6 10. Nc3 Re8 11. b3 e6 12. Bb2 Nd7 13. Rc1 Ba6 14. Na4 Rc8 15.
Re1 c5 16. dxc5 Bxb2 17. Nxb2 Nxc5 18. b4 Ne4 19. Bxe4 dxe4 20. Rxc8 Qxc8 21.
Qd4 Rd8 22. Qxe4 Qc3 23. Nd3 Bxd3 24. exd3 Rxd3 25. Re3 Rxe3 26. Qxe3 Qa1+ 27.
Kg2 Qxa2 28. h4 Qd5+ 29. Kh2 a5 30. bxa5 Qxa5 31. Qf4 Qf5 32. Qd4 e5 33. Qc5 Kg7
34. Qe3 Qe6 35. Qc5 f5 36. Qc7+ Kh6 37. Qc1+ Kg7 38. Qc7+ Kg8 39. Qd8+ Kf7 40.
Qh8 h5 41. Qh7+ Kf6 42. Qh8+ Ke7 43. Qb8 Qd6 44. Qb7+ Kf6 45. Qc8 f4 46. Qh8+
Kf5 47. Qc8+ Qe6 48. Qf8+ Kg4 49. Qa3 fxg3+ 50. Qxg3+ 1-0

[Event "Helmut-Kohls-Turnier 2017"]
[Site "Dortmund GER"]
[Date "2017.07.21"]
[Round "7.1"]
[White "Kruse, Janik"]
[Black "Stemmler, Fabian"]
[Result "1/2-1/2"]
[WhiteElo "2071"]
[BlackElo "1972"]
[WhiteFideId "16200250"]
[BlackFideId "12964808"]
[EventDate "2017.07.15"]

1. Nf3 f5 2. d3 d6 3. e4 e5 4. Nc3 c5 5. g3 Nf6 6. Bg2 Be7 7. Bg5 O-O 8. Bxf6
Rxf6 9. Nd5 Rf8 10. Nxe7+ Qxe7 11. exf5 Bxf5 12. Nh4 Be6 13. Qh5 Bf7 14. Qg4 Be6
15. Qh5 Bf7 16. Qg4 Be6 17. Qh5 1/2-1/2

[Event "Helmut-Kohls-Turnier 2017"]
[Site "Dortmund GER"]
[Date "2017.07.21"]
[Round "7.2"]
[White "Salem Elier, Ali"]
[Black "Niermann, Tristan"]
[Result "1/2-1/2"]
[WhiteElo "1965"]
[BlackElo "2315"]
[WhiteFideId "16217543"]
[BlackFideId "12990698"]
[EventDate "2017.07.15"]

1. e4 e5 2. Nf3 Nc6 3. Bc4 Bc5 4. d3 Nf6 5. Bg5 d6 6. c3 h6 7. Bh4 g5 8. Bg3 Qe7
9. a4 a5 10. Na3 Bb6 11. Qc2 Bg4 12. O-O-O O-O-O 13. Rhe1 Rhe8 14. Bb5 Nd7 15.
Bxc6 bxc6 16. b4 d5 17. Qb2 d4 18. b5 Bxf3 19. gxf3 dxc3 20. Qxc3 Bd4 21. Qb3
Nc5 22. Qc4 Nxe4 23. Nc2 cxb5 24. axb5 Nxg3 25. fxg3 Qc5 26. Nxd4 Qa3+ 27. Kd2
exd4 28. Rc1 Qd6 29. Re4 Rxe4 30. fxe4 Rf8 31. Qa4 Kb7 32. Rc6 Qb4+ 33. Qxb4
axb4 34. Rxh6 Ra8 35. Ra6 Rh8 36. h4 gxh4 37. gxh4 Rxh4 38. Ra4 Rh2+ 39. Kc1 Kb6
40. Rxb4 Kc5 41. Rc4+ Kxb5 42. Rxc7 Rh3 1/2-1/2

[Event "Helmut-Kohls-Turnier 2017"]
[Site "Dortmund GER"]
[Date "2017.07.21"]
[Round "7.3"]
[White "Borchert, Rene"]
[Black "Korten, Lando"]
[Result "0-1"]
[WhiteElo "2202"]
[BlackElo "2146"]
[WhiteFideId "12990671"]
[BlackFideId "12989606"]
[EventDate "2017.07.15"]

1. e4 Nf6 2. e5 Nd5 3. d4 d6 4. c4 Nb6 5. exd6 exd6 6. Nc3 Be7 7. Be3 Nc6 8. Rc1
O-O 9. Be2 Re8 10. Qd2 a5 11. Nf3 Bg4 12. b3 d5 13. c5 Nc8 14. O-O Bf6 15. h3
Bh5 16. Rfe1 Bg6 17. Nh2 Qd7 18. Ng4 Bh4 19. Bf3 h5 20. Nh2 N8e7 21. Rcd1 Qf5
22. Bf4 Bf6 23. Nb5 Nb4 24. Nxc7 Nd3 25. Nxe8 Rxe8 26. Qxd3 Qxd3 27. Rxd3 Bxd3
28. Bd6 Be4 29. Bxe4 Nf5 30. Bxf5 Rxe1+ 31. Nf1 Bxd4 32. g3 a4 33. bxa4 Ra1 34.
Bd7 g6 35. Bc8 Rb1 36. a5 Rb5 37. Ne3 Bxc5 38. Bxc5 Rxc5 39. Bxb7 d4 40. Nd1
Rxa5 41. Kf1 Rxa2 42. Bd5 Ra5 43. Bc4 Ra4 44. Bd3 Ra2 45. f4 Kg7 46. Bc4 Ra4 47.
Be2 Ra3 48. Kf2 Ra2 49. Ke1 Ra3 50. Kf2 h4 51. gxh4 Rxh3 52. h5 Rh2+ 0-1

[Event "Helmut-Kohls-Turnier 2017"]
[Site "Dortmund GER"]
[Date "2017.07.21"]
[Round "7.4"]
[White "Kistrup, Nicolai"]
[Black "Nguyen, Kevin"]
[Result "0-1"]
[WhiteElo "2177"]
[BlackElo "2194"]
[WhiteFideId "1444816"]
[BlackFideId "1046349"]
[EventDate "2017.07.15"]

1. c4 g6 2. Nf3 Bg7 3. Nc3 Nf6 4. d4 d6 5. Bg5 Nbd7 6. e3 h6 7. Bh4 O-O 8. Be2
g5 9. Bg3 Nh5 10. Qc2 Nxg3 11. hxg3 f5 12. g4 e6 13. gxf5 exf5 14. Bd3 Nb6 15.
c5 dxc5 16. dxc5 Nd7 17. O-O-O Qe7 18. Bxf5 Nf6 19. Qb3+ Kh8 20. Bxc8 Raxc8 21.
Nd5 Qxc5+ 22. Kb1 Ne4 23. Nd4 Qd6 24. Rhf1 c6 25. Nc3 Nxf2 26. Rde1 Rce8 27. Ka1
c5 28. Ndb5 Qe5 29. Qc2 Ng4 30. e4 Rxf1 31. Rxf1 Ne3 32. Qe2 Nxf1 33. Qxf1 a6
34. Na3 b5 35. Nc2 b4 36. Nd1 Qxe4 37. Nce3 c4 38. Nxc4 Rf8 39. Nf2 Qf4 0-1

[Event "Helmut-Kohls-Turnier 2017"]
[Site "Dortmund GER"]
[Date "2017.07.21"]
[Round "7.5"]
[White "Kokje, Joris"]
[Black "Kueppers, Timo"]
[Result "1/2-1/2"]
[WhiteElo "2112"]
[BlackElo "2033"]
[WhiteFideId "1051024"]
[BlackFideId "16205820"]
[EventDate "2017.07.15"]

1. d4 Nf6 2. c4 c5 3. d5 e5 4. Nc3 d6 5. e4 Nbd7 6. Bd3 Be7 7. h3 h5 8. Nge2 h4
9. Be3 Nf8 10. a3 Ng6 11. b4 b6 12. Rb1 Nd7 13. Qd2 Rh5 14. O-O a6 15. Kh1 Bg5
16. Nd1 Qf6 17. f4 exf4 18. Nxf4 Bxf4 19. Bxf4 Nxf4 20. Rxf4 Qh6 21. Qf2 g5 22.
Rf5 Ne5 23. Rxe5+ dxe5 24. bxc5 bxc5 25. Qxc5 g4 26. Bc2 Bd7 27. hxg4 Rg5 28.
Ne3 Rc8 29. Qb4 h3 30. g3 a5 31. Qc3 Qg6 32. Rb7 Qf6 33. Nf5 Rxg4 34. Rxd7 Kxd7
35. Ba4+ Kc7 36. d6+ Kb6 37. Qb3+ Ka7 38. Qe3+ Ka6 39. c5 Qg5 40. Qxg5 Rxg5 41.
d7 Rh8 42. c6 Kb6 43. Nd6 Rgg8 44. Nxf7 h2 45. Nxh8 Rxh8 46. Bb5 Kc7 47. a4 Rh3
48. g4 Rg3 49. Kxh2 Rxg4 50. Bd3 Rg8 51. Bb5 Rg4 52. Bd3 Rg8 1/2-1/2

[Event "Helmut-Kohls-Turnier 2017"]
[Site "Dortmund GER"]
[Date "2017.07.22"]
[Round "8.1"]
[White "Stemmler, Fabian"]
[Black "Kueppers, Timo"]
[Result "0-1"]
[WhiteElo "1972"]
[BlackElo "2033"]
[WhiteFideId "12964808"]
[BlackFideId "16205820"]
[EventDate "2017.07.15"]

1. d4 Nf6 2. Bg5 d5 3. e3 c5 4. Bxf6 gxf6 5. dxc5 Nc6 6. Nc3 e6 7. Qh5 Bxc5 8.
O-O-O Qe7 9. Nf3 Bb4 10. e4 d4 11. Nxd4 Bxc3 12. bxc3 a6 13. Nb3 b6 14. Kb2 Bb7
15. Be2 Rc8 16. Rd2 Qc7 17. Qf3 Ke7 18. Rhd1 Rhd8 19. Rxd8 Nxd8 20. Qe3 Nc6 21.
Qg3 Ne5 22. f4 Ng6 23. f5 Qxg3 24. hxg3 Ne5 25. fxe6 fxe6 26. Rh1 Bxe4 27. Bxa6
Rg8 28. Nd2 Bf5 29. Nf1 Ng4 30. Bd3 Nf2 31. Bxf5 Nxh1 32. Bxh7 Rg7 33. Be4 Nxg3
34. Nxg3 Rxg3 35. c4 Kd6 36. c3 f5 37. Bf3 e5 0-1

[Event "Helmut-Kohls-Turnier 2017"]
[Site "Dortmund GER"]
[Date "2017.07.22"]
[Round "8.2"]
[White "Nguyen, Kevin"]
[Black "Kokje, Joris"]
[Result "0-1"]
[WhiteElo "2194"]
[BlackElo "2112"]
[WhiteFideId "1046349"]
[BlackFideId "1051024"]
[EventDate "2017.07.15"]

1. Nf3 Nf6 2. g3 g6 3. b3 Bg7 4. Bb2 d6 5. Bg2 e5 6. d4 e4 7. Nfd2 Qe7 8. Nc4 h5
9. h3 O-O 10. Ne3 c6 11. c4 Nh7 12. Nc3 f5 13. Qd2 Na6 14. Nc2 Nc7 15. O-O-O Nf6
16. f3 Bd7 17. Ba3 Kh7 18. g4 Bh6 19. g5 e3 20. Qe1 Bxg5 21. Qg3 Nfe8 22. f4 Bh6
23. Rhg1 h4 24. Qh2 Nf6 25. Rd3 Nh5 26. Rxe3 Qf6 27. Rf3 Rfe8 28. e3 a5 29. Bb2
Qf7 30. Rf2 Ne6 31. Kb1 Ng3 32. Ne2 Nxe2 33. Rxe2 Nxf4 34. Rd2 Nxg2 35. Rdxg2 f4
36. d5 Bf5 37. exf4 Bxf4 38. Qh1 Be4 39. Rf1 Bxg2 40. Qxg2 Qf5 41. dxc6 bxc6 42.
Qxc6 Rad8 43. Ka1 Re7 44. Qb6 Rde8 45. Qf2 g5 46. Nd4 Qd3 47. Nf3 Kh6 48. Rg1
Re2 49. Qa7 Re1+ 0-1

[Event "Helmut-Kohls-Turnier 2017"]
[Site "Dortmund GER"]
[Date "2017.07.22"]
[Round "8.3"]
[White "Korten, Lando"]
[Black "Kistrup, Nicolai"]
[Result "0-1"]
[WhiteElo "2146"]
[BlackElo "2177"]
[WhiteFideId "12989606"]
[BlackFideId "1444816"]
[EventDate "2017.07.15"]

1. d4 Nf6 2. Nf3 b6 3. Bf4 e6 4. e3 Be7 5. Nbd2 c5 6. c3 O-O 7. Bd3 cxd4 8. exd4
Bb7 9. O-O d6 10. Qe2 Nbd7 11. Rae1 Re8 12. h3 Qc7 13. Bh2 Rad8 14. Qd1 Nf8 15.
Qc2 Ng6 16. Ng5 Nd5 17. Ndf3 Qc8 18. Re2 Ba6 19. h4 h6 20. Bxa6 Qxa6 21. h5 Nf8
22. Ne4 Qxa2 23. Nfd2 Nf6 24. Nb3 Qa6 25. Nxf6+ Bxf6 26. Ra1 Qb7 27. Nd2 Be7 28.
Qa4 Qd5 29. f3 Ra8 30. Ne4 Red8 31. g4 Nh7 32. Kf2 f5 33. gxf5 Qxf5 34. Rg1 Rf8
35. Re3 Ng5 36. Rg4 Qxg4 37. Qc6 Rxf3+ 38. Ke2 Rxe3+ 39. Kxe3 Qxe4+ 0-1

[Event "Helmut-Kohls-Turnier 2017"]
[Site "Dortmund GER"]
[Date "2017.07.22"]
[Round "8.4"]
[White "Niermann, Tristan"]
[Black "Borchert, Rene"]
[Result "1-0"]
[WhiteElo "2315"]
[BlackElo "2202"]
[WhiteFideId "12990698"]
[BlackFideId "12990671"]
[EventDate "2017.07.15"]

1. d4 Nf6 2. c4 e6 3. g3 d5 4. Nf3 Be7 5. Bg2 O-O 6. O-O dxc4 7. Qc2 a6 8. a4
Bd7 9. Qxc4 Bc6 10. Bf4 a5 11. Nc3 Na6 12. Rac1 Bxf3 13. Bxf3 c6 14. Rfd1 Qb6
15. e4 Rac8 16. Qe2 Rfe8 17. Be3 Qb3 18. Rd2 h6 19. h4 Bb4 20. Qd3 Bxc3 21. bxc3
Qxa4 22. Bd1 Qb5 23. c4 Qb6 24. e5 Nb4 25. Qe2 Nd7 26. Qg4 Kf8 27. Qe4 Kg8 28.
d5 c5 29. d6 Qc6 30. Qf4 Nf8 31. Qg4 Kh8 32. Ra1 Ra8 33. Ba4 Qb6 34. Bxe8 Rxe8
35. Qe4 Nd7 36. g4 Qc6 37. Qf4 b6 38. g5 hxg5 39. hxg5 Kg8 40. f3 Nf8 41. Rh2
Ng6 42. Qg3 Qb7 43. Qh3 f6 44. Qh7+ Kf7 45. gxf6 Rg8 46. Rg2 1-0

[Event "Helmut-Kohls-Turnier 2017"]
[Site "Dortmund GER"]
[Date "2017.07.22"]
[Round "8.5"]
[White "Kruse, Janik"]
[Black "Salem Elier, Ali"]
[Result "1-0"]
[WhiteElo "2071"]
[BlackElo "1965"]
[WhiteFideId "16200250"]
[BlackFideId "16217543"]
[EventDate "2017.07.15"]

1. d4 d5 2. c4 e6 3. Nc3 Nf6 4. cxd5 exd5 5. Bg5 Nbd7 6. e3 Be7 7. Bd3 O-O 8.
Nge2 c6 9. Qc2 h6 10. Bh4 Re8 11. O-O Nh5 12. Bxe7 Qxe7 13. Rab1 Ndf6 14. b4 Ne4
15. Nxe4 dxe4 16. Bc4 Be6 17. Rfc1 Bxc4 18. Qxc4 Qe6 19. b5 Re7 20. bxc6 bxc6
21. Qxc6 Rae8 22. Qxe6 Rxe6 23. Rc7 Ra6 24. Nc3 Ree6 25. g3 Nf6 26. Rbb7 Rec6
27. Nb5 Rxc7 28. Rxc7 Rxa2 29. Rxa7 Rc2 30. Nd6 Ng4 31. Nxe4 f5 32. h3 Nxe3 33.
fxe3 fxe4 34. Re7 Rc1+ 35. Kf2 Rc2+ 36. Ke1 Rc1+ 37. Kd2 Rh1 38. Rxe4 Rxh3 39.
g4 h5 40. d5 hxg4 41. Rxg4 Kf7 42. Kd3 Kf6 43. Kd4 g5 44. Rg2 Kf5 45. Rf2+ Kg4
46. d6 Kg3 47. Rf7 g4 48. d7 Rh8 49. Rg7 Kf3 50. e4 g3 51. Kd5 g2 52. e5 Rh7 53.
d8=Q 1-0

[Event "Helmut-Kohls-Turnier 2017"]
[Site "Dortmund GER"]
[Date "2017.07.23"]
[Round "9.2"]
[White "Borchert, Rene"]
[Black "Kruse, Janik"]
[Result "1-0"]
[WhiteElo "2202"]
[BlackElo "2071"]
[WhiteFideId "12990671"]
[BlackFideId "16200250"]
[EventDate "2017.07.15"]

1. e4 c5 2. c4 Nc6 3. Nc3 e6 4. g3 Nf6 5. d3 d5 6. Bg5 d4 7. Nce2 h6 8. Bd2 Bd6
9. Bg2 e5 10. Nf3 Qe7 11. O-O g5 12. a3 Nd7 13. Rb1 a5 14. Qa4 O-O 15. Rbe1 Kg7
16. g4 Nb6 17. Qb3 a4 18. Qxb6 Ra6 19. Qb5 Na7 20. Qxa6 bxa6 21. h3 Qb7 22. Bc1
Nc6 23. Ng3 Ne7 24. Nf5+ Nxf5 25. exf5 Qc7 26. Nd2 e4 27. Nxe4 Bh2+ 28. Kh1 Bf4
29. Bxf4 Qxf4 30. Re2 h5 31. Ng3 Rh8 32. Re8 Qd2 33. f6+ Kh7 34. Be4+ 1-0

[Event "Helmut-Kohls-Turnier 2017"]
[Site "Dortmund GER"]
[Date "2017.07.23"]
[Round "9.3"]
[White "Kistrup, Nicolai"]
[Black "Niermann, Tristan"]
[Result "1-0"]
[WhiteElo "2177"]
[BlackElo "2315"]
[WhiteFideId "1444816"]
[BlackFideId "12990698"]
[EventDate "2017.07.15"]

1. c4 b6 2. Nf3 c5 3. g3 Bb7 4. Bg2 Nf6 5. O-O e6 6. b3 Be7 7. Bb2 O-O 8. d4
cxd4 9. Nxd4 Bxg2 10. Kxg2 a6 11. Nc3 Qc7 12. e4 d6 13. Qe2 Nbd7 14. Kg1 Rfe8
15. Rac1 Qb7 16. Rfe1 Bf8 17. f4 g6 18. Rcd1 h5 19. Qg2 Qc7 20. Nc2 Rad8 21. Ne3
Qc6 22. Nc2 Bg7 23. Nd4 Qc7 24. Rd2 Nc5 25. Rdd1 Qa7 26. Nc6 Qc7 27. Nxd8 Rxd8
28. Rd2 b5 29. cxb5 axb5 30. e5 dxe5 31. Nxb5 Qb6 32. Rxd8+ Qxd8 33. fxe5 Ng4
34. Bd4 Nd3 35. Rd1 Ngxe5 36. Qe2 Qd5 37. Bxe5 Qc5+ 38. Bd4 Bxd4+ 39. Nxd4 Qxd4+
40. Kf1 Qf6+ 41. Kg2 Ne5 42. Rf1 Qg7 43. Qb5 Kh7 44. h3 f6 45. Qe2 h4 46. gxh4
Qe7 47. h5 g5 48. Qe4+ Kh6 49. h4 gxh4 50. Qxh4 Qg7+ 51. Qg3 Ng4 52. Qf4+ Kh7
53. Kh3 f5 54. Rg1 Qc3+ 55. Rg3 Qa1 56. Rxg4 fxg4+ 57. Kxg4 Qxa2 58. Qf7+ Kh8
59. Qxe6 Qg2+ 60. Kf4 Qh2+ 61. Kg5 Qg3+ 62. Kf5 Qh3+ 63. Kf6 Qh4+ 64. Kg6 Qg3+
65. Kf7 Qc7+ 66. Qe7 Qg3 67. Qf6+ Kh7 68. Qg6+ 1-0

[Event "Helmut-Kohls-Turnier 2017"]
[Site "Dortmund GER"]
[Date "2017.07.23"]
[Round "9.4"]
[White "Kokje, Joris"]
[Black "Korten, Lando"]
[Result "1/2-1/2"]
[WhiteElo "2112"]
[BlackElo "2146"]
[WhiteFideId "1051024"]
[BlackFideId "12989606"]
[EventDate "2017.07.15"]

1. Nf3 Nf6 2. g3 g6 3. Bg2 Bg7 4. O-O O-O 5. d4 d6 6. c4 c6 7. Nc3 Bf5 8. Nh4
Be6 9. b3 d5 10. cxd5 Nxd5 11. Bb2 Nxc3 12. Bxc3 Qd7 13. Qd2 Na6 14. Nf3 Bd5 15.
Ne5 Bxe5 16. dxe5 Qc7 17. e4 Be6 18. Qh6 f6 19. f4 Qb6+ 20. Kh1 Qe3 21. Rf3 Qxe4
22. Re1 Qf5 23. g4 Qxg4 24. Rg3 Qf5 25. exf6 exf6 26. Rxe6 Qxe6 27. Rxg6+ hxg6
28. Qxg6+ Kh8 29. Qh6+ Kg8 30. Qg6+ Kh8 31. Qh6+ 1/2-1/2

[Event "Helmut-Kohls-Turnier 2017"]
[Site "Dortmund GER"]
[Date "2017.07.23"]
[Round "9.5"]
[White "Kueppers, Timo"]
[Black "Nguyen, Kevin"]
[Result "1/2-1/2"]
[WhiteElo "2033"]
[BlackElo "2194"]
[WhiteFideId "16205820"]
[BlackFideId "1046349"]
[EventDate "2017.07.15"]

1. c4 g6 2. g3 Bg7 3. Bg2 d6 4. Nc3 Nf6 5. e4 O-O 6. Nge2 c5 7. O-O Nc6 8. d3
Rb8 9. h3 a6 10. a4 Ne8 11. Be3 Nc7 12. d4 cxd4 13. Nxd4 Ne6 14. Nde2 Nc5 15.
Rb1 Qa5 16. Bd2 Qd8 17. b4 Ne6 18. Nd5 a5 19. bxa5 Nc5 20. Nb6 Be6 21. Nf4 Bd7
22. Be3 Ne5 23. Bxc5 dxc5 24. Nxd7 Nxd7 25. Rb5 Bd4 26. Qb3 Ne5 27. Rd1 Nc6 28.
Rxc5 e5 29. Rd5 Qf6 30. Nd3 Ra8 31. Rb1 Nxa5 32. Qa2 Rfc8 33. c5 Rc6 34. Qc2
Rac8 35. Rb5 b6 36. Qd2 Kg7 37. Rxb6 Rxb6 38. cxb6 Qxb6 39. Qxa5 Qb1+ 40. Bf1
Rc3 41. Rxd4 exd4 42. Qe5+ Kg8 43. Qe8+ Kg7 44. Qe5+ Kg8 45. Qxd4 Ra3 46. Nc5
Qc1 47. Kg2 Ra1 48. Qd8+ Kg7 49. Qd4+ Kg8 50. Qd8+ Kg7 51. Qd4+ 1/2-1/2